| 000 | 00396nam a2200157Ia 4500 | ||
|---|---|---|---|
| 008 | 151213s9999 xx 000 0 und d | ||
| 082 | _a657.45 | ||
| 100 | _aMohd. Mohibbulla | ||
| 245 |
_aA. Hand Book OF Auditing _cMohd. Mohibbulla |
||
| 260 |
_aDhaka _bTaslima Khatun. _c1999 |
||
| 300 | _a1667 p. | ||
| 650 | _aAccounting | ||
| 650 | _aAudit | ||
| 700 | _aMohd. Mohibbulla | ||
| 999 |
_c1250 _d1250 |
||